| 000 | 00351nam a2200133Ia 4500 | ||
|---|---|---|---|
| 005 | 20251222140110.0 | ||
| 008 | 251222s1900||||xx |||||||||||||| ||spa|| | ||
| 020 | _a9789233000049 | ||
| 082 | _a306.487/U57 | ||
| 245 | 0 | _aTendencias Mundiales en Libertad de Expresión y Desarrollo de los Medios | |
| 250 | _a1ra. ed. | ||
| 264 | _bUNESCO | ||
| 942 | _cLIB | ||
| 999 |
_c4273 _d4273 |
||